000 00880nam a2200253Ia 4500
003 OSt
005 20251022111744.0
008 220923b |||||||| |||| 00| 0 eng d
020 _a9781848853560
037 _cGeneral Book
040 _aRTL
_cRTL
_beng
041 _2eng
_aeng
084 _aY:3(NW), Q0.2
_qRTL
245 0 _aSergei Eisenstein: Selected works.
260 _aLondon
_bI.B. Tauris
_c2010
300 _axx, 428 p.
_ccm.
_bIncludes bibliographical references and index.
490 _v01475329- V2: Towards a theory of montage. (xx, 428p)
650 _aSociology
_9849117
700 _aGlenny, Michael.
_eEditor
_9849118
700 _aTaylor, Richard.
_eEditor
_9849119
700 _aGlenny, Michael.
_eTranslator
_9849118
942 _hY:3(NW), Q0.2
_cGB
_2CC
_n0
999 _c569339
_d569339